| 000 | 00395nam a22001337a 4500 | ||
|---|---|---|---|
| 020 | _a3-540-54464-X | ||
| 082 | _a624.17760151535 BOU'B | ||
| 100 |
_aBESKOS, D. E _943030 |
||
| 245 | _aBOUNDARY ELEMENT ANALYSIS OF PLATES AND SHELLS | ||
| 260 |
_aBERLIN _bSPRINGER VERLAG _c1991 |
||
| 300 | _a368P | ||
| 650 |
_aPLATES ENGINEERING SHELLS ENGINEERING BOUNDRY ELEMENT METHODS _967371 |
||
| 942 | _cBK | ||
| 999 |
_c575169 _d575169 |
||